[Event "GER M-468 D email"]
[Site "GER email"]
[Date "2012.??.??"]
[Round "?"]
[White "Drude, Dieter"]
[Black "Wolff, Robert"]
[Result "1/2-1/2"]
[WhiteElo "2111"]
[BlackElo "1991"]
[PlyCount "126"]
[EventDate "2012.??.??"]
[EventType "tourn (corr)"]
[EventRounds "1"]
[EventCountry "GER"]
[SourceTitle "Corr 2015"]
[Source "ChessBase"]
[SourceDate "2015.07.17"]
[SourceVersion "1"]
[SourceVersionDate "2015.07.17"]
[SourceQuality "1"]

1. c4 e5 2. Nc3 Nf6 3. Nf3 Nc6 4. e3 Bb4 5. Qc2 Bxc3 6. Qxc3 Qe7 7. a3 d5 8. d4 exd4 9. Nxd4 Nxd4 10. Qxd4 c5 11. Qf4 0-0 12. Be2 dxc4 13. Bxc4 Be6 14. 0-0 Bxc4 15. Qxc4 Rfd8 16. f3 Nd7 17. e4 Ne5 18. Qc2 c4 19. Be3 b5 20. a4 a6 21. axb5 axb5 22. Rxa8 Rxa8 23. b3 Ra3 24. Rb1 h6 25. Bf2 Qd6 26. h3 Kh7 27. bxc4 bxc4 28. f4 Nd3 29. Qxc4 Qxf4 30. Qd4 Nc1 31. Qd1 Ra2 32. Qf3 Ne2+ 33. Kf1 Qxf3 34. gxf3 Nf4 35. Be3 Ra3 36. Kf2 Nxh3+ 37. Ke2 g5 38. Rb6 h5 39. Rf6 Kg7 40. Bd4 Ra4 41. Be5 Kf8 42. Kf1 Ra2 43. Rf5 h4 44. Bd4 Nf4 45. Rxg5 h3 46. Bc5+ Ke8 47. Rg8+ Kd7 48. Kg1 Rc2 49. Be3 Ne2+ 50. Kh2 Rc3 51. Bg5 Rxf3 52. Rd8+ Ke6 53. Re8+ Kd6 54. Bh4 Kc5 55. Re7 Kd4 56. e5 Kd5 57. Bf6 Nf4 58. Rxf7 Ke6 59. Rf8 Ng6 60. Ra8 Kf5 61. Bg7 Kg4 62. Ra4+ Rf4 63. Rxf4+ Nxf4 1/2-1/2

[Event "GER-ch 2012-G-V1 serv"]
[Site "GER email"]
[Date "2012.??.??"]
[Round "?"]
[White "Koerber, Bernhard"]
[Black "Wolff, Robert"]
[Result "1-0"]
[WhiteElo "2152"]
[BlackElo "1991"]
[PlyCount "99"]
[EventDate "2012.12.01"]
[EventType "tourn (corr)"]
[EventRounds "6"]
[EventCountry "GER"]
[SourceTitle "Corr 2015"]
[Source "ChessBase"]
[SourceDate "2015.07.17"]
[SourceVersion "1"]
[SourceVersionDate "2015.07.17"]
[SourceQuality "1"]

1. e4 c5 2. Nc3 Nc6 3. f4 g6 4. Nf3 Bg7 5. Bb5 Nd4 6. 0-0 Nxb5 7. Nxb5 d6 8. d3 Nf6 9. e5 dxe5 10. fxe5 Nd5 11. Qe1 Bf5 12. Qh4 Qb6 13. Nc3 c4+ 14. d4 Nb4 15. Bg5 Bf8 16. Kh1 Nxc2 17. d5 Qxb2 18. Rab1 Qxc3 19. Rxb7 Qd3 20. Rfb1 Qxd5 21. Bxe7 Bc8 22. Bxf8 Kxf8 23. e6 Bxe6 24. Qf6 Kg8 25. Rb8+ Bc8 26. Rxa8 Qxa8 27. Rd1 Be6 28. Rd8+ Qxd8 29. Qxd8+ Kg7 30. Qa5 f6 31. h4 Rf8 32. h5 gxh5 33. Nh4 a6 34. Qd2 Na1 35. Qe1 Bg4 36. Qxa1 Rc8 37. Qb1 Rc7 38. Nf5+ Bxf5 39. Qxf5 c3 40. Qf2 Kf7 41. Qb6 Rd7 42. Qxa6 Kg6 43. Qc4 Rd2 44. a4 c2 45. Kh2 h4 46. a5 h3 47. Kxh3 f5 48. a6 Rd3+ 49. Kh2 Rd6 50. a7 1-0

[Event "GER-ch 2012-G-V1 serv"]
[Site "GER email"]
[Date "2012.??.??"]
[Round "?"]
[White "Wolff, Robert"]
[Black "Klapp, Herwig"]
[Result "1/2-1/2"]
[WhiteElo "1991"]
[BlackElo "2172"]
[PlyCount "51"]
[EventDate "2012.12.01"]
[EventType "tourn (corr)"]
[EventRounds "6"]
[EventCountry "GER"]
[SourceTitle "Corr 2015"]
[Source "ChessBase"]
[SourceDate "2015.07.17"]
[SourceVersion "1"]
[SourceVersionDate "2015.07.17"]
[SourceQuality "1"]

1. e4 e5 2. Nf3 Nc6 3. Bb5 a6 4. Ba4 Nf6 5. 0-0 Be7 6. Re1 b5 7. Bb3 0-0 8. c3 d5 9. exd5 Nxd5 10. Nxe5 Nxe5 11. Rxe5 c6 12. d4 Bd6 13. Re1 Qh4 14. g3 Qh3 15. Be3 Bg4 16. Qd3 Rae8 17. Nd2 Qh5 18. a4 Re6 19. axb5 axb5 20. Ne4 Bf5 21. Bd2 Rxe4 22. Rxe4 Qg6 23. f3 Nf6 24. Qe3 Bxg3 25. hxg3 Qxg3+ 26. Kh1 1/2-1/2

[Event "GER-ch43 V02 email"]
[Site "GER email"]
[Date "2011.??.??"]
[Round "?"]
[White "Gromotka, Harry"]
[Black "Wolff, Robert"]
[Result "1-0"]
[WhiteElo "2021"]
[BlackElo "1971"]
[PlyCount "65"]
[EventDate "2011.04.18"]
[EventType "tourn (corr)"]
[EventRounds "8"]
[EventCountry "GER"]
[SourceTitle "Corr 2015"]
[Source "ChessBase"]
[SourceDate "2015.07.17"]
[SourceVersion "1"]
[SourceVersionDate "2015.07.17"]
[SourceQuality "1"]

1. e4 c5 2. Nf3 d6 3. d4 cxd4 4. Nxd4 Nf6 5. Nc3 a6 6. Bg5 e6 7. f4 Be7 8. Qf3 Qc7 9. 0-0-0 Nbd7 10. g4 b5 11. Bxf6 Nxf6 12. g5 Nd7 13. f5 Nc5 14. Rg1 b4 15. Nce2 e5 16. Nb3 d5 17. Rxd5 Bb7 18. f6 gxf6 19. gxf6 Bf8 20. Bh3 Bxd5 21. exd5 Rd8 22. Kb1 Nd7 23. Re1 Nb6 24. Nf4 h5 25. Qg2 Nc4 26. Ne6 fxe6 27. dxe6 Rh6 28. Qg5 Rxf6 29. Qxf6 Qg7 30. Qf3 Be7 31. Qc6+ Kf8 32. Qxc4 Qg5 33. Na5 1-0

[Event "GER BFM-350 email"]
[Site "GER email"]
[Date "2011.??.??"]
[Round "?"]
[White "Wolff, Robert"]
[Black "Krumm, Guenther"]
[Result "0-1"]
[WhiteElo "1954"]
[BlackElo "2033"]
[PlyCount "160"]
[EventDate "2012.??.??"]
[EventType "tourn (corr)"]
[EventRounds "4"]
[EventCountry "GER"]
[SourceTitle "Corr 2015"]
[Source "ChessBase"]
[SourceDate "2015.07.17"]
[SourceVersion "1"]
[SourceVersionDate "2015.07.17"]
[SourceQuality "1"]

1. d4 Nf6 2. c4 e6 3. Nf3 b6 4. g3 Ba6 5. b3 Bb4+ 6. Bd2 Bxd2+ 7. Qxd2 0-0 8. Nc3 d5 9. Bg2 c6 10. Ne5 Nfd7 11. f4 Nxe5 12. fxe5 Nd7 13. cxd5 cxd5 14. 0-0 Rc8 15. Rac1 Qe7 16. Bh3 Rfd8 17. Qe3 Nb8 18. Bg4 Nc6 19. Kg2 Rc7 20. Nb1 Bb7 21. Bh5 Rf8 22. Nd2 Qa3 23. Rc2 Rfc8 24. Nb1 Qf8 25. a3 Na5 26. Rxc7 Rxc7 27. Qd3 Qd8 28. e3 g6 29. Bg4 Qc8 30. b4 Ba6 31. b5 Bb7 32. a4 Rc2+ 33. Kg1 Ra2 34. Nc3 Ra3 35. Rc1 Rxa4 36. Qb1 Rc4 37. Qb2 Rc7 38. Be2 Nc4 39. Bxc4 Rxc4 40. Kg2 Qc7 41. Qa3 Bc8 42. Kf2 Bd7 43. Ke2 Qd8 44. Kd2 Qg5 45. Qxa7 Rxd4+ 46. Ke2 Qh5+ 47. Ke1 Rd3 48. Qxd7 Rxe3+ 49. Kf1 Qxe5 50. Qc6 d4 51. Nb1 Re2 52. Qf3 Rxh2 53. Kg1 Re2 54. Rf1 f5 55. Na3 Re3 56. Nc4 Qxg3+ 57. Qxg3 Rxg3+ 58. Kf2 Rc3 59. Nxb6 Rb3 60. Re1 Kf7 61. Nc4 Kf6 62. b6 Rb4 63. Ne5 g5 64. Nd7+ Ke7 65. Ne5 Rxb6 66. Ra1 Rb2+ 67. Kf3 g4+ 68. Kf4 Rf2+ 69. Kg5 h6+ 70. Kxh6 Re2 71. Nd3 Kf6 72. Nf4 Re3 73. Rd1 Rf3 74. Nh5+ Ke5 75. Kg5 d3 76. Kh4 Kd4 77. Ng7 Re3 78. Kg5 Kc3 79. Nxe6 Rxe6 80. Kxf5 Kc2 0-1

[Event "GER-ch62 V01 email"]
[Site "GER email"]
[Date "2011.??.??"]
[Round "?"]
[White "Wolff, Robert"]
[Black "Schulze, Guenter"]
[Result "1/2-1/2"]
[WhiteElo "1954"]
[BlackElo "1999"]
[PlyCount "121"]
[EventDate "2011.01.01"]
[EventType "tourn (corr)"]
[EventRounds "6"]
[EventCountry "GER"]
[SourceTitle "Corr 2015"]
[Source "ChessBase"]
[SourceDate "2015.07.17"]
[SourceVersion "1"]
[SourceVersionDate "2015.07.17"]
[SourceQuality "1"]

1. d4 Nf6 2. c4 e6 3. Nf3 c6 4. Nc3 Bb4 5. Qb3 c5 6. Bf4 Nc6 7. e3 cxd4 8. exd4 d5 9. c5 Ne4 10. Bb5 0-0 11. 0-0 Bxc3 12. bxc3 Ne7 13. Rab1 Ng6 14. Be3 b6 15. c4 bxc5 16. dxc5 Rb8 17. Qc2 a6 18. Bc6 Rxb1 19. Rxb1 Ne7 20. cxd5 exd5 21. Nd4 Nxc6 22. Nxc6 Qc7 23. Rb6 Re8 24. f3 Nf6 25. Qd2 Bb7 26. Nb4 a5 27. c6 Bc8 28. Na6 Qd8 29. Bd4 Re6 30. Qxa5 Ne8 31. Qc3 Qg5 32. Kf1 Rg6 33. g3 Qh5 34. Kg2 Qh3+ 35. Kg1 h5 36. Qe1 Bxa6 37. Rxa6 Qc8 38. Qe2 Re6 39. Qd3 Rxc6 40. Rxc6 Qxc6 41. Qe3 Qa4 42. Bc3 Qc6 43. Qd4 f6 44. Bb4 Nc7 45. Qc5 Qd7 46. Qd6 Qb5 47. a3 Qc4 48. Qc5 Kf7 49. a4 Ke6 50. a5 Qxc5+ 51. Bxc5 Ke5 52. Kf2 d4 53. Bf8 g6 54. Ke2 Kd5 55. Be7 f5 56. Kd3 Na6 57. h3 Nb8 58. g4 Na6 59. gxh5 gxh5 60. Ba3 Nc7 61. h4 1/2-1/2

[Event "GER-ch41 V01 Post"]
[Site "GER email"]
[Date "2010.??.??"]
[Round "?"]
[White "Adelseck, Herbert"]
[Black "Wolff, Robert"]
[Result "1-0"]
[WhiteElo "2264"]
[BlackElo "1954"]
[PlyCount "95"]
[EventDate "2010.??.??"]
[EventType "tourn (corr)"]
[EventRounds "12"]
[EventCountry "GER"]
[SourceTitle "Corr 2015"]
[Source "ChessBase"]
[SourceDate "2015.07.17"]
[SourceVersion "1"]
[SourceVersionDate "2015.07.17"]
[SourceQuality "1"]

1. d4 Nf6 2. c4 g6 3. Nc3 d5 4. cxd5 Nxd5 5. e4 Nxc3 6. bxc3 Bg7 7. Nf3 c5 8. Rb1 0-0 9. Be2 cxd4 10. cxd4 Qa5+ 11. Bd2 Qxa2 12. 0-0 b6 13. Qc1 Bb7 14. Bc4 Qa4 15. Bb5 Qa2 16. Re1 Rc8 17. Qd1 e6 18. Qe2 Nc6 19. Bc4 Qa3 20. d5 Nd8 21. h4 Qd6 22. h5 Bf8 23. Bb4 Qc7 24. Bxf8 Qxc4 25. Qe3 Qc3 26. Qh6 Qh8 27. Ng5 f6 28. hxg6 hxg6 29. Qxg6+ Kxf8 30. Nh7+ Ke7 31. Rbd1 Rc5 32. Nxf6 Nf7 33. dxe6 Ne5 34. Rd7+ Nxd7 35. Qf7+ Kd6 36. Rd1+ Kc7 37. Qxd7+ Kb8 38. Qe7 Bc6 39. Rd8+ Qxd8 40. Qxd8+ Kb7 41. e7 Bb5 42. f4 Rcc8 43. Qd5+ Ka6 44. Kh2 Bc6 45. Qd6 Kb7 46. f5 a5 47. g4 Ka6 48. Nd7 1-0

[Event "GER-ch41 V01 Post"]
[Site "GER email"]
[Date "2010.??.??"]
[Round "?"]
[White "Gromotka, Harry"]
[Black "Wolff, Robert"]
[Result "1-0"]
[WhiteElo "2021"]
[BlackElo "1954"]
[PlyCount "105"]
[EventDate "2010.??.??"]
[EventType "tourn (corr)"]
[EventRounds "12"]
[EventCountry "GER"]
[SourceTitle "Corr 2015"]
[Source "ChessBase"]
[SourceDate "2015.07.17"]
[SourceVersion "1"]
[SourceVersionDate "2015.07.17"]
[SourceQuality "1"]

1. e4 c5 2. Nf3 d6 3. d4 cxd4 4. Nxd4 Nf6 5. Nc3 a6 6. Bg5 e6 7. f4 Be7 8. Qf3 Qc7 9. 0-0-0 Nbd7 10. g4 b5 11. Bxf6 Nxf6 12. g5 Nd7 13. f5 Bxg5+ 14. Kb1 Ne5 15. Qh5 Qd8 16. h4 Bf6 17. fxe6 0-0 18. Bh3 fxe6 19. Bxe6+ Kh8 20. Nd5 Nc4 21. Nc6 Qe8 22. Qxe8 Rxe8 23. Nxf6 Rxe6 24. Nd5 Rxe4 25. Nc7 Bb7 26. Nxa8 Bxa8 27. Nb4 a5 28. Nd3 Kg8 29. Rhe1 Kf7 30. Rxe4 Bxe4 31. Nf2 Bf3 32. Rd4 d5 33. b3 Ne5 34. Rf4+ Ke7 35. Nd3 Nxd3 36. cxd3 Bh5 37. Kc2 h6 38. Kc3 Ke6 39. Rf8 Ke5 40. Rg8 g6 41. a4 bxa4 42. bxa4 Kf4 43. Kd4 g5 44. hxg5 hxg5 45. Rf8+ Kg3 46. Rf5 Kh4 47. Rxd5 g4 48. Ke3 g3 49. Rxa5 Be8 50. Rc5 Kh3 51. a5 Kh2 52. Rg5 Bc6 53. d4 1-0

[Event "GER M-457 D email"]
[Site "GER email"]
[Date "2010.??.??"]
[Round "?"]
[White "Rondio, Thomas"]
[Black "Wolff, Robert"]
[Result "1-0"]
[WhiteElo "1970"]
[BlackElo "2073"]
[PlyCount "89"]
[EventDate "2010.??.??"]
[EventType "tourn (corr)"]
[EventRounds "1"]
[EventCountry "GER"]
[SourceTitle "Corr 2015"]
[Source "ChessBase"]
[SourceDate "2015.07.17"]
[SourceVersion "1"]
[SourceVersionDate "2015.07.17"]
[SourceQuality "1"]

1. e4 c5 2. Nf3 Nc6 3. d4 cxd4 4. Nxd4 Nf6 5. Nc3 e5 6. Ndb5 d6 7. Bg5 a6 8. Na3 b5 9. Bxf6 gxf6 10. Nd5 f5 11. Bd3 Be6 12. Qh5 Bg7 13. 0-0 f4 14. c4 bxc4 15. Bxc4 0-0 16. Rac1 Rb8 17. b3 Qa5 18. Nb1 Kh8 19. Rfd1 Qxa2 20. Nbc3 Qa5 21. Ra1 Qc5 22. Rxa6 Nd4 23. Na4 Qc8 24. Nab6 Qd8 25. Kh1 Rg8 26. Rda1 f5 27. Ra7 Rxb6 28. exf5 Bxd5 29. Bxd5 Nb5 30. Bxg8 Qxg8 31. Ra8 Rb8 32. Rxb8 Qxb8 33. Qf7 Bf8 34. h3 Qc8 35. Ra4 Bh6 36. Rb4 f3 37. Qf6+ Bg7 38. Qe6 fxg2+ 39. Kh2 Qd8 40. Rxb5 Bf8 41. f6 Bh6 42. Kxg2 Qg8+ 43. Qxg8+ Kxg8 44. Rb7 d5 45. b4 1-0

[Event "GER-ch41 V01 Post"]
[Site "GER email"]
[Date "2010.??.??"]
[Round "?"]
[White "Wolff, Robert"]
[Black "Giering, Guido"]
[Result "1/2-1/2"]
[WhiteElo "1954"]
[BlackElo "2029"]
[PlyCount "71"]
[EventDate "2010.??.??"]
[EventType "tourn (corr)"]
[EventRounds "12"]
[EventCountry "GER"]
[SourceTitle "Corr 2015"]
[Source "ChessBase"]
[SourceDate "2015.07.17"]
[SourceVersion "1"]
[SourceVersionDate "2015.07.17"]
[SourceQuality "1"]

1. e4 c5 2. Nf3 Nc6 3. d4 cxd4 4. Nxd4 Nf6 5. Nc3 d6 6. Bg5 Bd7 7. Qd2 Nxd4 8. Qxd4 Qa5 9. Bd2 Qc7 10. Be2 e5 11. Qe3 Be7 12. 0-0 0-0 13. Qg3 Rfc8 14. Bh6 g6 15. Rfd1 Bc6 16. Qf3 a6 17. a4 b5 18. axb5 axb5 19. Rxa8 Rxa8 20. Bxb5 Bxb5 21. Bg5 Ba4 22. b3 Rc8 23. Bxf6 Bxf6 24. Nd5 Qxc2 25. Nxf6+ Kg7 26. bxa4 Rc3 27. Nh5+ gxh5 28. Qxh5 Qxe4 29. h3 h6 30. Rxd6 Rc1+ 31. Rd1 Rc2 32. Qg4+ Qxg4 33. hxg4 Ra2 34. Rd5 Rxa4 35. Rxe5 Rxg4 36. Kh2 1/2-1/2

[Event "GER-ch52 V3 email"]
[Site "GER email"]
[Date "2009.04.06"]
[Round "?"]
[White "Wassilieff, Hans Dieter"]
[Black "Wolff, Robert"]
[Result "1-0"]
[WhiteElo "1919"]
[BlackElo "2073"]
[PlyCount "75"]
[EventDate "2009.??.??"]
[EventType "tourn (corr)"]
[EventRounds "6"]
[EventCountry "GER"]
[SourceTitle "Corr 2011"]
[Source "ChessBase"]
[SourceDate "2010.08.31"]
[SourceVersion "1"]
[SourceVersionDate "2010.08.31"]
[SourceQuality "1"]

1. e4 c5 2. Nf3 Nc6 3. Bb5 g6 4. Bxc6 dxc6 5. d3 Bg7 6. h3 Nf6 7. Nc3 0-0 8. Be3 b6 9. Qd2 e5 10. Bh6 Qd6 11. Bxg7 Kxg7 12. g4 b5 13. Nd1 Be6 14. Ne3 Nd7 15. h4 h6 16. h5 g5 17. Qa5 Nf6 18. Rg1 c4 19. 0-0-0 cxd3 20. Rxd3 Qc5 21. Nd2 Rfe8 22. f3 Qb6 23. Qxb6 axb6 24. a3 b4 25. axb4 Ra1+ 26. Nb1 Ba2 27. Kd2 Ra8 28. Rd6 Ng8 29. Nf5+ Kf8 30. Rc1 Bxb1 31. Rxc6 Rb8 32. Ke2 f6 33. b5 Ke8 34. Rd1 Ne7 35. Rxf6 Nxf5 36. exf5 Rc8 37. Ke3 Rca8 38. Rxh6 1-0

[Event "GER-ch50 V3 email"]
[Site "GER email"]
[Date "2009.03.02"]
[Round "?"]
[White "Wolff, Robert"]
[Black "Haumann, Joachim"]
[Result "1/2-1/2"]
[WhiteElo "2082"]
[BlackElo "2171"]
[PlyCount "101"]
[EventDate "2009.??.??"]
[EventType "tourn (corr)"]
[EventRounds "6"]
[EventCountry "GER"]
[SourceTitle "Corr 2011"]
[Source "ChessBase"]
[SourceDate "2010.08.31"]
[SourceVersion "1"]
[SourceVersionDate "2010.08.31"]
[SourceQuality "1"]

1. e4 c6 2. d4 d5 3. Nc3 dxe4 4. Nxe4 Nd7 5. Nf3 Ngf6 6. Ng3 e6 7. Bd3 c5 8. 0-0 Be7 9. Qe2 0-0 10. Rd1 Qc7 11. c4 cxd4 12. Nxd4 a6 13. b3 Re8 14. Bb2 b6 15. Nf3 Bb7 16. Ne4 Rad8 17. Bc2 e5 18. a3 Nxe4 19. Bxe4 Bxe4 20. Qxe4 f6 21. b4 Nf8 22. Rd5 Rxd5 23. cxd5 Ng6 24. Rd1 Rd8 25. Ne1 a5 26. Nc2 axb4 27. axb4 Qd7 28. g3 Nh8 29. Ne3 Nf7 30. Bc3 Rc8 31. Qf5 Qxf5 32. Nxf5 Bf8 33. Be1 g6 34. Ne3 e4 35. d6 Nxd6 36. Nd5 Kf7 37. Nxb6 Rc2 38. Nd5 Nc4 39. Bc3 Nb6 40. Nxb6 Rxc3 41. Rb1 Ke6 42. b5 f5 43. Na8 Rc8 44. Nb6 Rc7 45. Na4 Rc4 46. Nb6 Rc2 47. Na4 Bd6 48. Rb3 Rc4 49. Nb2 Rc1+ 50. Kg2 Rb1 51. b6 1/2-1/2

[Event "GER-ch51 V4 email"]
[Site "GER email"]
[Date "2009.01.26"]
[Round "?"]
[White "Wolff, Robert"]
[Black "Moebius, Manfred"]
[Result "1/2-1/2"]
[WhiteElo "2073"]
[BlackElo "1834"]
[PlyCount "42"]
[EventDate "2009.??.??"]
[EventType "tourn (corr)"]
[EventRounds "6"]
[EventCountry "GER"]
[SourceTitle "Corr 2011"]
[Source "ChessBase"]
[SourceDate "2010.08.31"]
[SourceVersion "1"]
[SourceVersionDate "2010.08.31"]
[SourceQuality "1"]

1. c4 e5 2. Nc3 Nf6 3. Nf3 Nc6 4. g3 d5 5. cxd5 Nxd5 6. Bg2 Nxc3 7. bxc3 e4 8. Ng1 f5 9. d3 Qf6 10. d4 Be6 11. Nh3 h6 12. f3 0-0-0 13. 0-0 Bc5 14. e3 exf3 15. Rxf3 g5 16. Rf2 Bb6 17. g4 Qg6 18. Qc2 Ne7 19. Ba3 fxg4 20. Bxe7 Qxc2 21. Rxc2 Rde8 1/2-1/2

[Event "GER-ch55 V03 email"]
[Site "GER email"]
[Date "2009.??.??"]
[Round "?"]
[White "Wedel, Gerhard"]
[Black "Wolff, Robert"]
[Result "0-1"]
[WhiteElo "1674"]
[BlackElo "2073"]
[PlyCount "82"]
[EventDate "2010.??.??"]
[EventType "tourn (corr)"]
[EventRounds "6"]
[EventCountry "GER"]
[SourceTitle "Corr 2015"]
[Source "ChessBase"]
[SourceDate "2015.07.17"]
[SourceVersion "1"]
[SourceVersionDate "2015.07.17"]
[SourceQuality "1"]

1. e4 c5 2. Nc3 Nc6 3. g3 g6 4. Bg2 Bg7 5. d3 d6 6. Be3 Nf6 7. Qd2 Ng4 8. Nge2 Nxe3 9. fxe3 0-0 10. 0-0 Bd7 11. Rf2 Ne5 12. Raf1 Ng4 13. Rf3 b5 14. h3 Ne5 15. R3f2 e6 16. b3 Qg5 17. a4 a6 18. Kh2 b4 19. Nd1 Qh6 20. Kg1 Nc6 21. d4 cxd4 22. Nxd4 Qg5 23. Nxc6 Bxc6 24. Qxd6 Rac8 25. Qf4 Qe7 26. Rd2 Rfd8 27. Rff2 a5 28. Rd3 Bb7 29. Rfd2 Ba6 30. Rxd8+ Rxd8 31. Qf2 h5 32. Bf3 Rxd2 33. Qxd2 Be5 34. Kg2 Qg5 35. Qe1 Bd6 36. h4 Qe5 37. Kh2 g5 38. hxg5 Qxg5 39. Kg2 h4 40. c4 bxc3 41. g4 h3+ 0-1

[Event "GER-ch51 V4 email"]
[Site "GER email"]
[Date "2009.??.??"]
[Round "?"]
[White "Wolff, Robert"]
[Black "Janke, Guenter"]
[Result "1-0"]
[WhiteElo "2082"]
[BlackElo "1339"]
[PlyCount "39"]
[EventDate "2009.??.??"]
[EventType "tourn (corr)"]
[EventRounds "6"]
[EventCountry "GER"]
[SourceTitle "Corr 2011"]
[Source "ChessBase"]
[SourceDate "2010.08.31"]
[SourceVersion "1"]
[SourceVersionDate "2010.08.31"]
[SourceQuality "1"]

1. c4 e5 2. Nc3 Nf6 3. Nf3 Nc6 4. g3 d5 5. cxd5 Nxd5 6. Bg2 Nb6 7. 0-0 Be7 8. a3 0-0 9. b4 a6 10. d3 Be6 11. Rb1 Rb8 12. Be3 Nd5 13. Nxd5 Bxd5 14. Qd2 f6 15. Rfc1 Bd6 16. Bc5 b6 17. Bxd6 Qxd6 18. Qc2 f5 19. e4 fxe4 20. dxe4 1-0

[Event "GER-ch50 V3 email"]
[Site "GER email"]
[Date "2008.12.03"]
[Round "?"]
[White "Janke, Guenter"]
[Black "Wolff, Robert"]
[Result "0-1"]
[WhiteElo "1339"]
[BlackElo "2082"]
[PlyCount "40"]
[EventDate "2009.??.??"]
[EventType "tourn (corr)"]
[EventRounds "6"]
[EventCountry "GER"]
[SourceTitle "Corr 2011"]
[Source "ChessBase"]
[SourceDate "2010.08.31"]
[SourceVersion "1"]
[SourceVersionDate "2010.08.31"]
[SourceQuality "1"]

1. g4 d5 2. Bg2 c6 3. h3 e5 4. d4 e4 5. Bf4 Ne7 6. c4 Ng6 7. Bg3 Bb4+ 8. Nc3 Nh4 9. Bxh4 Qxh4 10. e3 Nd7 11. Nge2 Nb6 12. c5 Nc4 13. Qc1 0-0 14. Rf1 b6 15. a3 Bxc3+ 16. Qxc3 bxc5 17. dxc5 Re8 18. 0-0-0 Ne5 19. Kb1 Ba6 20. Qc2 Bd3 0-1

[Event "GER-ch47 V4 email"]
[Site "GER email"]
[Date "2008.07.07"]
[Round "?"]
[White "Wolff, Robert"]
[Black "Geissler, Walter"]
[Result "1/2-1/2"]
[WhiteElo "2082"]
[BlackElo "2131"]
[PlyCount "28"]
[EventDate "2008.??.??"]
[EventType "tourn (corr)"]
[EventRounds "10"]
[EventCountry "GER"]
[SourceTitle "Corr 2011"]
[Source "ChessBase"]
[SourceDate "2010.08.31"]
[SourceVersion "1"]
[SourceVersionDate "2010.08.31"]
[SourceQuality "1"]

1. c4 e6 2. d4 Nf6 3. Nf3 b6 4. g3 Ba6 5. b3 Bb4+ 6. Bd2 Be7 7. Bg2 c6 8. Bc3 d5 9. Nbd2 Nbd7 10. 0-0 0-0 11. Re1 c5 12. e4 Nxe4 13. Nxe4 dxe4 14. Rxe4 Bb7 1/2-1/2